000 00564nam a22001932 4500
001 0000002271
005 20170406114107.0
008 140304s xx 000 0 eng d
020 _c$
040 _aYour Holding Symbol
_cYour Holding Symbol
100 1 _aHighsmith,M.Richard.
245 1 0 _aWorld economic activites :
_ba geographic analysis.
250 _a ed.
260 _anew york :
_bHarcourt brace and world inc,
_c1968.
300 _a526 p. :
_bill ;
_c cm.
504 _aindex.
650 0 _aA GEOGRAPHIC ANLYSIS.
908 _a140304
999 _c2162
_d2162